| 000 | 00398nam a22001571a 4500 | ||
|---|---|---|---|
| 020 | _a9788190298291 | ||
| 082 |
_aH301 _bMUK/S |
||
| 245 |
_aSagar tatt par ek bangla/ _cby Mukesh Sharma (ed.) |
||
| 260 |
_aNew Delhi: _bSuraj Prakashan, _c2010. |
||
| 300 | _a111p. | ||
| 650 | _aStories Hindi | ||
| 650 | _aLiterature Hindi | ||
| 650 | _aLiterature | ||
| 700 | _aMukesh Sharma (ed.) | ||
| 942 | _cBK | ||
| 999 |
_c39093 _d39093 |
||